SESC - Fábrica Da Pompépia (Record no. 1394)
[ view plain ]
| 000 -LEADER | |
|---|---|
| campo de control de longitud fija | 00388nam a2200133 4500 |
| 008 - DATOS DE LONGITUD FIJA--INFORMACIÓN GENERAL | |
| campo de control de longitud fija | 708 B246f |
| 020 ## - NÚMERO INTERNACIONAL ESTÁNDAR DEL LIBRO | |
| Número Internacional Estándar del Libro | 9728311044 |
| 082 ## - NÚMERO DE LA CLASIFICACIÓN DECIMAL DEWEY | |
| Número de clasificación | 708 |
| Número de ítem | B246f |
| 100 ## - ENTRADA PRINCIPAL--NOMBRE DE PERSONA | |
| Nombre de persona | Bo Bardi, Lina |
| 9 (RLIN) | 6160 |
| 245 ## - MENCIÓN DEL TÍTULO | |
| Título | SESC - Fábrica Da Pompépia |
| 260 ## - PUBLICACIÓN, DISTRIBUCIÓN, ETC. | |
| Lugar de publicación, distribución, etc. | Lisboa |
| Nombre del editor, distribuidor, etc. | Editorial Blau |
| Fecha de publicación, distribución, etc. | 1996 |
| 300 ## - DESCRIPCIÓN FÍSICA | |
| Extensión | 16 p. |
| Otras características físicas | Ill (Col) |
| Dimensiones | 16.5 x 24 cm |
| 650 ## - PUNTO DE ACCESO ADICIONAL DE MATERIA--TÉRMINO DE MATERIA | |
| Subdivisión general | Arte Contemporáneo |
| -- | Exhibición |
| -- | Arquitectura |
| -- | Bardi, Lina Do |
| 9 (RLIN) | 6161 |
| Estatus retirado | Estado de pérdida | Fuente del sistema de clasificación o colocación | Estado de daño | No para préstamo | Biblioteca de origen | Biblioteca actual | Ubicación en estantería | Fecha de adquisición | Total de préstamos | Signatura topográfica completa | Código de barras | Visto por última vez | Precio de reemplazo | Tipo de ítem Koha |
|---|---|---|---|---|---|---|---|---|---|---|---|---|---|---|
| Clasificación Decimal Dewey | Biblioteca LadoV | Biblioteca LadoV | 22/02/2018 | 708 B246f | 004560 | 22/02/2018 | 22/02/2018 | Material 01 |
